Multi storey timber frame buildings (Record no. 102900)
[ view plain ]
| 000 -LEADER | |
|---|---|
| fixed length control field | 01365cam a2200325 4500 |
| 008 - FIXED-LENGTH DATA ELEMENTS--GENERAL INFORMATION | |
| fixed length control field | 030618n2003 000 0 eng u |
| 020 ## - INTERNATIONAL STANDARD BOOK NUMBER | |
| International Standard Book Number | 1860816053 |
| 035 ## - SYSTEM CONTROL NUMBER | |
| System control number | (Sirsi) u122661 |
| 041 ## - LANGUAGE CODE | |
| Language code of text/sound track or separate title | eng |
| 050 ## - LIBRARY OF CONGRESS CALL NUMBER | |
| Classification number | 694.01 |
| -- | 18 |
| 100 ## - MAIN ENTRY--PERSONAL NAME | |
| Personal name | Grantham, Rob |
| 245 ## - TITLE STATEMENT | |
| Title | Multi storey timber frame buildings |
| Remainder of title | a design guide |
| 260 ## - PUBLICATION, DISTRIBUTION, ETC. | |
| Place of publication, distribution, etc. | Garston |
| Name of publisher, distributor, etc. | BRE |
| Date of publication, distribution, etc. | 2003 |
| 300 ## - PHYSICAL DESCRIPTION | |
| Extent | vi, 50p. |
| Other physical details | ill |
| Dimensions | 30cm. |
| 350 ## - PRICE (NR) (BK AM CF MU VM SE) [OBSOLETE] | |
| Price | 37.50 |
| 490 ## - SERIES STATEMENT | |
| Series statement | BRE BR |
| Volume/sequential designation | 454 |
| 520 ## - SUMMARY, ETC. | |
| Summary, etc. | Aimed at building professionals concerned with the design, construction and performance of timber frame structures, this text looks at aspects specific to multi-storey buildings of platform frame type construction. Provides design and best practice guidance on structural stability and robustness, fire safety, differential movement, construction benchmarking, and construction process and building tolerances. References. |
| 650 ## - SUBJECT ADDED ENTRY--TOPICAL TERM | |
| Topical term or geographic name entry element | MULTI STOREY BUILDINGS |
| 650 ## - SUBJECT ADDED ENTRY--TOPICAL TERM | |
| Topical term or geographic name entry element | TIMBER FRAME BUILDINGS |
| 650 ## - SUBJECT ADDED ENTRY--TOPICAL TERM | |
| Topical term or geographic name entry element | TIMBER FRAME CONSTRUCTION |
| 690 ## - LOCAL SUBJECT ADDED ENTRY--TOPICAL TERM (OCLC, RLIN) | |
| Topical term or geographic name as entry element | BUILT ENVIRONMENT-CONSTRUCTION DESIGN |
| 700 ## - ADDED ENTRY--PERSONAL NAME | |
| Personal name | Enjily, Vahik |
| 700 ## - ADDED ENTRY--PERSONAL NAME | |
| Personal name | Milner, Martin |
| 700 ## - ADDED ENTRY--PERSONAL NAME | |
| Personal name | Bullock, Mostyn |
| 700 ## - ADDED ENTRY--PERSONAL NAME | |
| Personal name | Pitts, Geoff |
| 710 ## - ADDED ENTRY--CORPORATE NAME | |
| Corporate name or jurisdiction name as entry element | Building Research Establishment |
| 710 ## - ADDED ENTRY--CORPORATE NAME | |
| Corporate name or jurisdiction name as entry element | United Kingdom |
| Subordinate unit | Office of the Deputy Prime Minister |
| 710 ## - ADDED ENTRY--CORPORATE NAME | |
| Corporate name or jurisdiction name as entry element | Timber Research and Development Association |
| 942 ## - ADDED ENTRY ELEMENTS (KOHA) | |
| Suppress in OPAC | 0 |
| Withdrawn status | Lost status | Source of classification or shelving scheme | Damaged status | Not for loan | Home library | Current library | Shelving location | Date acquired | Cost, normal purchase price | Total Checkouts | Full call number | Barcode | Date last seen | Date last checked out | Copy number | Cost, replacement price | Price effective from | Koha item type |
|---|---|---|---|---|---|---|---|---|---|---|---|---|---|---|---|---|---|---|
| Other/Generic Classification Scheme | London | London | Folio | 06/10/2003 | 37.50 | 8 | F694.01 GRA | 30067796 | 06/08/2019 | 24/12/2009 | 1 | 37.50 | 06/08/2019 | Book |